[Event "SVK-chT1W 0001"]
[Site "Slovakia"]
[Date "2000.??.??"]
[Round "1"]
[White "Zidek, Ludovit"]
[Black "Biro, Karol"]
[Result "1/2-1/2"]
[WhiteElo "2118"]
[BlackElo "2268"]
[PlyCount "134"]
[EventDate "2000.??.??"]
[EventType "team"]
[EventRounds "11"]
[EventCountry "SVK"]
[SourceTitle "EXT 2002"]
[Source "ChessBase"]
[SourceDate "2001.11.25"]
[SourceVersion "1"]
[SourceVersionDate "2001.11.25"]
[SourceQuality "1"]

1. d4 Nf6 2. c4 g6 3. Nc3 Bg7 4. e4 0-0 5. h3 c5 6. d5 e5 7. Bg5 d6 8. Qd2 Nbd7 9. Bd3 a6 10. a4 Qa5 11. Nge2 Rb8 12. 0-0 Kh8 13. Bh6 Qd8 14. Bxg7+ Kxg7 15. Ng3 h6 16. Rae1 Nh7 17. Nd1 Qh4 18. Kh2 Ndf6 19. f3 Ng5 20. Nf2 h5 21. Ne2 Nd7 22. Qe3 Nh7 23. g3 Qe7 24. f4 h4 25. Ng4 hxg3+ 26. Nxg3 Qh4 27. Kg2 Ndf6 28. Rh1 Nh5 29. fxe5 Bxg4 30. hxg4 Qxg3+ 31. Qxg3 Nxg3 32. Kxg3 dxe5 33. a5 b6 34. b4 Rfc8 35. axb6 cxb4 36. Rc1 Rc5 37. Rh2 Rxb6 38. Rb2 Ng5 39. Ra1 a5 40. Ra4 f6 41. Rba2 Nf7 42. Rxa5 b3 43. R2a4 Rxa5 44. Rxa5 b2 45. Rb5 Rxb5 46. cxb5 Nd6 47. b6 g5 48. Kf2 Kf8 49. Ke1 Ke7 50. Kd1 Kd7 51. Kc2 Kc8 52. Kxb2 Kb7 53. Kb3 Kxb6 54. Kb4 Nb7 55. Bb1 Nd8 56. Bc2 Kc7 57. Ba4 Kd6 58. Kc4 Nf7 59. Bc2 Nh6 60. Bd1 Ng8 61. Bc2 Ne7 62. Bd1 Ng6 63. Bf3 Nf4 64. Bd1 Nh3 65. Be2 Nf2 66. Bf3 Nh3 67. Be2 Nf4 1/2-1/2

[Event "SVK-ch"]
[Site "Nove Zamky"]
[Date "1999.07.08"]
[Round "6"]
[White "Helbich, Jan"]
[Black "Zidek, Ludovit"]
[Result "1-0"]
[WhiteElo "2203"]
[BlackElo "2104"]
[PlyCount "99"]
[EventDate "1999.07.03"]
[EventType "swiss"]
[EventRounds "9"]
[EventCountry "SVK"]
[SourceTitle "EXT 2000"]
[Source "ChessBase"]
[SourceDate "1999.11.16"]
[SourceVersion "1"]
[SourceVersionDate "1999.11.16"]
[SourceQuality "1"]

1. e4 c5 2. Nf3 e6 3. d4 cxd4 4. Nxd4 Nf6 5. Bd3 d6 6. c4 Nc6 7. Be3 Be7 8. Nc3 a6 9. 0-0 0-0 10. Rc1 Bd7 11. f3 Rc8 12. Kh1 Ne5 13. Qe2 Re8 14. Rfd1 Qa5 15. a3 Nxd3 16. Qxd3 Qh5 17. Nde2 e5 18. b4 Qg6 19. a4 Rc7 20. Bb6 Rc6 21. a5 h5 22. b5 Rcc8 23. Ng3 h4 24. Nf5 Bxf5 25. exf5 Qh5 26. bxa6 bxa6 27. Ne4 Qxf5 28. Nxd6 Qxd3 29. Rxd3 Bxd6 30. Rxd6 e4 31. c5 e3 32. c6 e2 33. Re1 Re6 34. Rxe6 fxe6 35. c7 Kf7 36. Rxe2 Ke7 37. Kg1 Nd5 38. Re4 Nxc7 39. Rc4 Kd6 40. Rxh4 Nd5 41. Rg4 Nxb6 42. axb6 Rb8 43. Rxg7 Rxb6 44. h4 Ke5 45. h5 Kf6 46. h6 a5 47. g4 Rb8 48. g5+ Kf5 49. h7 Kf4 50. Rg8 1-0

[Event "SVK-ch"]
[Site "Nove Zamky"]
[Date "1999.07.07"]
[Round "5"]
[White "Zidek, Ludovit"]
[Black "Bednar, Jaromir"]
[Result "1/2-1/2"]
[WhiteElo "2104"]
[BlackElo "2255"]
[PlyCount "151"]
[EventDate "1999.07.03"]
[EventType "swiss"]
[EventRounds "9"]
[EventCountry "SVK"]
[SourceTitle "EXT 2000"]
[Source "ChessBase"]
[SourceDate "1999.11.16"]
[SourceVersion "1"]
[SourceVersionDate "1999.11.16"]
[SourceQuality "1"]

1. d4 d6 2. c4 Nd7 3. e4 e5 4. Nf3 Ngf6 5. Nc3 Be7 6. Be2 0-0 7. 0-0 c6 8. b3 Re8 9. Re1 a6 10. Bb2 Bf8 11. Bf1 Qc7 12. g3 g6 13. Bg2 Bg7 14. dxe5 dxe5 15. Qd2 Nc5 16. Rad1 Bg4 17. Qe3 Qa5 18. h3 Bxf3 19. Bxf3 Ne6 20. Ne2 Rad8 21. a3 Rd7 22. b4 Qa4 23. Rxd7 Nxd7 24. Bg4 c5 25. Bxe6 Rxe6 26. Qd2 Bf8 27. Nc3 Qb3 28. Qxd7 Qxb2 29. Nd5 Qxa3 30. Re3 Qc1+ 31. Kg2 Rd6 32. Qxb7 Qxc4 33. bxc5 Qxc5 34. g4 Qc6 35. Qb3 Qd7 36. Rf3 Be7 37. Qb8+ Kg7 38. Qa8 Bd8 39. Rc3 Qa4 40. Kf3 Qd1+ 41. Kg2 Qd4 42. Re3 Bg5 43. Re2 Qd3 44. Nc7 Rd8 45. Qxa6 Qxa6 46. Nxa6 Be7 47. Nc7 Bc5 48. Nd5 Bd4 49. g5 h6 50. h4 hxg5 51. hxg5 Rh8 52. Kg3 Rh5 53. Kg4 Rh1 54. f3 Rg1+ 55. Kh4 Bc5 56. Rh2 Ba3 57. Re2 Bc1 58. Ne3 Kf8 59. Ng2 Ke7 60. Rc2 Kd6 61. Kg4 Rh1 62. Nh4 Kd7 63. Ng2 Rg1 64. Kh4 Kd6 65. Kg4 Be3 66. Kh4 Bb6 67. Rd2+ Ke6 68. Kg4 Bc5 69. Rc2 Be7 70. Rd2 Rh1 71. Nh4 Bc5 72. Re2 Kd6 73. Ng2 Bb4 74. Ne3 Rg1+ 75. Ng2 Bc5 76. Kh4 1/2-1/2

[Event "Litomysl op"]
[Site "Litomysl"]
[Date "1994.??.??"]
[Round "?"]
[White "Svobodova, Michaela"]
[Black "Zidek, Ludovit"]
[Result "1-0"]
[WhiteElo "2070"]
[BlackElo "1910"]
[PlyCount "62"]
[EventDate "1994.??.??"]
[EventType "swiss"]
[EventRounds "9"]
[EventCountry "CZE"]
[SourceTitle "EXT 1997"]
[Source "ChessBase"]
[SourceDate "1996.11.15"]
[SourceVersion "1"]
[SourceVersionDate "1996.11.15"]
[SourceQuality "1"]

1. e4 c5 2. Nf3 e6 3. c3 d5 4. exd5 Qxd5 5. d4 Nf6 6. Bd3 h6 7. 0-0 Nbd7 8. Re1 Qc6 9. Na3 a6 10. Nc4 b5 11. Nce5 Qc7 12. Qe2 Nb6 13. Bf4 Bd6 14. dxc5 Qxc5 15. Rad1 Nbd5 16. Bc1 0-0 17. Nd4 Qc7 18. h3 Bb7 19. a4 bxa4 20. c4 Nb4 21. Ng4 Be7 22. Nxe6 Qc6 23. Nxf6+ Bxf6 24. Be4 Qxe4 25. Qxe4 Bxe4 26. Nxf8 Bc2 27. Nd7 Bg5 28. Bxg5 hxg5 29. Rd2 Rc8 30. Nb6 Rc6 31. Nd5 Nd3 1-0